00438nam a2200145 i 450000100060000000300090000600500170001500700030003200800410003510000220007624500800009826000640017830000290024285200210027178433ES-MaACL20230906173711.0t|041014s1907 fr ||||1| fre d1 aHauriou, Maurice.10aPrécis de Droit administratif et de Droit public / cpar Maurice Hauriou. a[S.l. : bs.n., c1907] (eBar-le-Duc : fContant Laguerre) aXVIII, 915 p. ; c23 cm. aES-MaACLjF-6800